[Event "GER-ch (Women) op"]
[Site "Augsburg"]
[Date "2024.03.10"]
[Round "8"]
[White "Voicu Jagodzinsky, Carmen"]
[Black "Moncayo Romero, Evelyn"]
[Result "1-0"]
[WhiteElo "2202"]
[BlackElo "2095"]
[PlyCount "71"]
[EventDate "2024.03.06"]
[EventType "swiss"]
[EventRounds "9"]
[EventCountry "GER"]
[SourceTitle "CB12_2024"]
[SourceDate "2023.10.01"]
[SourceVersion "1"]
[SourceVersionDate "2023.10.01"]
[SourceQuality "1"]

1. e4 c5 2. Nf3 d6 3. d4 cxd4 4. Nxd4 Nf6 5. Nc3 a6 6. Nb3 e6 7. g4 Nc6 8. g5 Nd7 9. Bg2 Be7 10. h4 0-0 11. f4 Nc5 12. Be3 Nxb3 13. axb3 Nb4 14. 0-0 f6 15. Qe2 Bd7 16. Rad1 Rc8 17. Rd2 Qe8 18. Bf3 fxg5 19. hxg5 g6 20. Bg4 Rf7 21. Na4 Bxa4 22. bxa4 Bf8 23. c3 Nc6 24. Bb6 Kh8 25. Qd3 Qe7 26. Qc4 Re8 27. Be3 d5 28. Qd3 Bg7 29. Re1 dxe4 30. Qxe4 e5 31. f5 gxf5 32. Bxf5 Rxf5 33. Qxf5 Rf8 34. Qd7 e4 35. Qxe7 Nxe7 36. Bc5 1-0

[Event "GER-ch (Women) op"]
[Site "Augsburg"]
[Date "2024.03.07"]
[Round "3"]
[White "Heinemann, Josefine"]
[Black "Voicu Jagodzinsky, Carmen"]
[Result "1/2-1/2"]
[WhiteElo "2303"]
[BlackElo "2202"]
[PlyCount "48"]
[EventDate "2024.03.06"]
[EventType "swiss"]
[EventRounds "9"]
[EventCountry "GER"]
[SourceTitle "CB12_2024"]
[SourceDate "2023.10.01"]
[SourceVersion "1"]
[SourceVersionDate "2023.10.01"]
[SourceQuality "1"]

1. c4 c5 2. Nf3 Nc6 3. g3 g6 4. Bg2 Bg7 5. 0-0 e5 6. Nc3 Nge7 7. a3 a5 8. Ne1 0-0 9. Nc2 d6 10. Ne3 Be6 11. Rb1 Rb8 12. d3 Qd7 13. Bd2 Bh3 14. Ncd5 Bxg2 15. Kxg2 b5 16. b4 axb4 17. axb4 cxb4 18. Nxb4 Nxb4 19. Rxb4 bxc4 20. Rxb8 Rxb8 21. dxc4 Qc6+ 22. Kg1 h5 23. Bc1 Rb7 24. h4 Rd7 1/2-1/2

[Event "GER-ch (Women) op"]
[Site "Augsburg"]
[Date "2024.03.07"]
[Round "2"]
[White "Voicu Jagodzinsky, Carmen"]
[Black "Peglau, Charis"]
[Result "1-0"]
[WhiteElo "2202"]
[BlackElo "2054"]
[PlyCount "115"]
[EventDate "2024.03.06"]
[EventType "swiss"]
[EventRounds "9"]
[EventCountry "GER"]
[SourceTitle "CB12_2024"]
[SourceDate "2023.10.01"]
[SourceVersion "1"]
[SourceVersionDate "2023.10.01"]
[SourceQuality "1"]

1. e4 e6 2. d3 c5 3. Nf3 Nc6 4. g3 d5 5. Nbd2 Bd6 6. Bg2 Nge7 7. 0-0 0-0 8. Re1 Bd7 9. c3 b5 10. Qe2 a6 11. Nf1 Qb6 12. h4 Rac8 13. e5 Bb8 14. h5 d4 15. h6 g6 16. Bg5 Nd5 17. c4 bxc4 18. dxc4 Nc7 19. N1h2 Ne8 20. Ng4 Bc7 21. Nd2 Bd8 22. Bxd8 Qxd8 23. Ne4 Na5 24. b3 Bc6 25. Rad1 Bxe4 26. Bxe4 Nc6 27. Qf3 Nb8 28. Qf4 a5 29. Qd2 Nd7 30. Bb7 Rb8 31. Bc6 f5 32. exf6 Nexf6 33. Nxf6+ Rxf6 34. Qg5 Rf5 35. Qxd8+ Rxd8 36. Rxe6 Ne5 37. Bd5 Kf8 38. Kg2 Ng4 39. Bf3 Nxh6 40. Rh1 Kg7 41. Bd5 Rd7 42. f3 Nf7 43. Rhe1 Nd6 44. Re7+ Rxe7 45. Rxe7+ Kf8 46. Rd7 Ne8 47. g4 Rf4 48. Kg3 g5 49. Rxh7 Nf6 50. Rf7+ Ke8 51. Rc7 d3 52. Kf2 Nxg4+ 53. Ke1 Nf6 54. Rxc5 Kd7 55. Kd2 Kd6 56. Rxa5 Nxd5 57. Rxd5+ Kc6 58. Rxd3 1-0

[Event "EU-chT (Women) 24th"]
[Site "Budva"]
[Date "2023.11.15"]
[Round "5.4"]
[White "Isgandarova, Khayala Ilqar Qizi"]
[Black "Voicu Jagodzinsky, Carmen"]
[Result "1-0"]
[WhiteElo "2086"]
[BlackElo "2237"]
[PlyCount "57"]
[EventDate "2023.11.11"]
[EventType "team-swiss"]
[EventRounds "9"]
[EventCountry "MNE"]
[SourceTitle "CB47_2023"]
[SourceDate "2023.11.22"]
[SourceVersion "1"]
[SourceVersionDate "2023.11.22"]
[SourceQuality "1"]
[WhiteTeam "Turkey (W)"]
[BlackTeam "Romania (W)"]
[WhiteTeamCountry "TUR"]
[BlackTeamCountry "ROU"]

1. d4 Nf6 2. e3 d5 3. Bd3 c5 4. b3 Nc6 5. Nf3 e6 6. Bb2 Be7 7. Nbd2 0-0 8. 0-0 b6 9. a3 Bb7 10. Qe2 Qc7 11. Ne5 a5 12. f4 Rac8 13. c4 cxd4 14. exd4 Qd8 15. Ndf3 Bd6 16. cxd5 exd5 17. Bf5 Rc7 18. Rac1 Ne7 19. Bb1 Ne4 20. Ng5 Rxc1 21. Rxc1 Ng6 22. Bxe4 dxe4 23. Qh5 h6 24. Ngxf7 Rxf7 25. Nxf7 Qf6 26. Nxd6 Qxd6 27. d5 Kh7 28. f5 Nf8 29. Qf7 1-0

[Event "ROM-chT (Women)"]
[Site "Eforie Nord"]
[Date "2023.09.27"]
[Round "5.2"]
[White "Ardelean, Lorela Daniela"]
[Black "Voicu Jagodzinsky, Carmen"]
[Result "0-1"]
[WhiteElo "1811"]
[BlackElo "2266"]
[PlyCount "102"]
[EventDate "2023.09.23"]
[EventType "team-tourn"]
[EventRounds "7"]
[EventCountry "ROU"]
[SourceTitle "EXT 2024"]
[Source "ChessBase"]
[SourceDate "2023.10.10"]
[SourceVersion "1"]
[SourceVersionDate "2023.10.10"]
[SourceQuality "1"]
[WhiteTeam "Sighetu Marmatiei (W)"]
[BlackTeam "Arnia ChessIT (W)"]
[WhiteTeamCountry "ROU"]
[BlackTeamCountry "ROU"]

1. d4 Nf6 2. Bf4 d5 3. e3 e6 4. Nf3 c5 5. c3 Bd6 6. Bxd6 Qxd6 7. Ne5 0-0 8. Bd3 b6 9. Qe2 a5 10. 0-0 Ba6 11. Bxa6 Nxa6 12. Nd2 b5 13. a4 b4 14. Nb3 bxc3 15. bxc3 Ne4 16. Rfc1 f6 17. f3 c4 18. Nxa5 fxe5 19. fxe4 Qc7 20. exd5 exd5 21. Nxc4 dxc4 22. Rf1 Rae8 23. Qg4 Rxf1+ 24. Rxf1 exd4 25. exd4 Qe7 26. Qf5 Nc7 27. Qh5 g6 28. Qg4 Nd5 29. Qh3 Qe3+ 30. Qxe3 Rxe3 31. a5 Rxc3 32. Ra1 Rb3 33. a6 Rb8 34. Kf2 Kf7 35. a7 Ra8 36. Ra6 Ke7 37. h4 c3 38. Ke1 c2 39. Kd2 Rc8 40. Ra1 h5 41. a8Q c1Q+ 42. Rxc1 Rxa8 43. Ke2 Ke6 44. Kf2 Ra2+ 45. Kf3 Ra3+ 46. Kf2 Rd3 47. Re1+ Kf6 48. Re4 Ne7 49. Re1 Rxd4 50. g3 Nf5 51. Rg1 Rg4 0-1

[Event "ROM-chT (Women)"]
[Site "Eforie Nord"]
[Date "2023.09.25"]
[Round "3.3"]
[White "Voicu Jagodzinsky, Carmen"]
[Black "Paraschiv, Petronela Alexandra"]
[Result "1-0"]
[WhiteElo "2266"]
[BlackElo "1885"]
[PlyCount "65"]
[EventDate "2023.09.23"]
[EventType "team-tourn"]
[EventRounds "7"]
[EventCountry "ROU"]
[SourceTitle "EXT 2024"]
[Source "ChessBase"]
[SourceDate "2023.10.10"]
[SourceVersion "1"]
[SourceVersionDate "2023.10.10"]
[SourceQuality "1"]
[WhiteTeam "Arnia ChessIT (W)"]
[BlackTeam "Timisoara UVT (W)"]
[WhiteTeamCountry "ROU"]
[BlackTeamCountry "ROU"]

1. e4 c6 2. d4 d5 3. e5 Bf5 4. Nd2 e6 5. Nb3 Nd7 6. Nf3 Ne7 7. Be2 Nc8 8. a4 a5 9. 0-0 Ncb6 10. Be3 Be7 11. Nfd2 g5 12. Bh5 0-0 13. Kh1 f6 14. exf6 Bxf6 15. f4 Nc4 16. Nxc4 dxc4 17. Nd2 b5 18. fxg5 Bxg5 19. Bxg5 Qxg5 20. Bf3 Ra6 21. Ne4 Bxe4 22. Bxe4 Rxf1+ 23. Qxf1 Nf6 24. Re1 Kg7 25. Bf3 Qd2 26. Rxe6 Qxd4 27. axb5 Ra7 28. c3 Qh4 29. bxc6 Rf7 30. Qe2 Qf4 31. g3 Qf5 32. Kg2 Qc5 33. Qe5 1-0

[Event "World-chT Rapid"]
[Site "Dusseldorf"]
[Date "2023.08.28"]
[Round "9"]
[White "Voicu Jagodzinsky, Carmen"]
[Black "Ermitsch, Magnus"]
[Result "0-1"]
[WhiteElo "2264"]
[BlackElo "2221"]
[PlyCount "84"]
[EventDate "2023.08.26"]
[EventType "team-swiss (rapid)"]
[EventRounds "12"]
[EventCountry "GER"]
[SourceTitle "CBM 215 Extra"]
[Source "ChessBase"]
[SourceDate "2023.09.30"]
[SourceVersion "1"]
[SourceVersionDate "2023.09.30"]
[SourceQuality "1"]
[WhiteTeam "Hemer"]
[BlackTeam "Kiel Doppelbauer"]
[WhiteTeamCountry "GER"]
[BlackTeamCountry "GER"]

1. Nf3 d5 2. g3 Nf6 3. Bg2 c5 4. c4 dxc4 5. Na3 Nbd7 6. Nxc4 b5 7. Ne3 Bb7 8. 0-0 e6 9. a4 a6 10. b3 Be7 11. Bb2 0-0 12. d3 Qb6 13. Qc2 Rac8 14. h4 Rfd8 15. Qc3 Bf8 16. Rfc1 Nd5 17. Nxd5 exd5 18. d4 c4 19. axb5 axb5 20. b4 Ra8 21. Qd2 Qd6 22. Bc3 Nb6 23. Qf4 Qxf4 24. gxf4 Rxa1 25. Rxa1 Ra8 26. Rxa8 Bxa8 27. Ne5 f6 28. Ng4 Na4 29. Be1 c3 30. Ne3 Bxb4 31. Bh3 Nb6 32. Be6+ Kh8 33. h5 h6 34. f3 Nc4 35. Nc2 Ba5 36. e4 b4 37. Bxc3 b3 38. Ne1 Bxc3 39. Nd3 Bxd4+ 40. Kg2 b2 41. Nxb2 Bxb2 42. exd5 Bxd5 0-1

[Event "World-chT Rapid"]
[Site "Dusseldorf"]
[Date "2023.08.26"]
[Round "1.18"]
[White "Lorenz, Veronika"]
[Black "Voicu Jagodzinsky, Carmen"]
[Result "0-1"]
[WhiteElo "1668"]
[BlackElo "2264"]
[PlyCount "90"]
[EventDate "2023.08.26"]
[EventType "team-swiss (rapid)"]
[EventRounds "12"]
[EventCountry "GER"]
[SourceTitle "CBM 215 Extra"]
[Source "ChessBase"]
[SourceDate "2023.09.30"]
[SourceVersion "1"]
[SourceVersionDate "2023.09.30"]
[SourceQuality "1"]
[WhiteTeam "Deutsche Schachjugend II"]
[BlackTeam "Hemer"]
[WhiteTeamCountry "GER"]
[BlackTeamCountry "GER"]

1. e4 c5 2. Nf3 Nc6 3. d4 cxd4 4. Nxd4 e5 5. Nf3 Nf6 6. Bd3 Bc5 7. 0-0 h6 8. Nc3 0-0 9. Qe2 d6 10. Be3 Bg4 11. h3 Be6 12. Rad1 Qe7 13. Bxc5 dxc5 14. Bb5 Nd4 15. Nxd4 cxd4 16. Nb1 Rac8 17. c3 a6 18. Bd3 Bxa2 19. cxd4 exd4 20. e5 Rfe8 21. Rfe1 Bb3 22. Rd2 Qc5 23. Bf5 Be6 24. exf6 Qxf5 25. fxg7 Ba2 26. Qf1 Rxe1 27. Qxe1 Qxb1 28. Rd1 Qxb2 29. Qe4 Qc2 30. Qxd4 Be6 31. Re1 Qc5 32. Qf4 Qg5 33. Qf3 b5 34. Rd1 Rc1 35. Qa8+ Kxg7 36. Rxc1 Qxc1+ 37. Kh2 Qc7+ 38. Kg1 Qd6 39. Qe4 b4 40. Qe2 a5 41. Qb2+ f6 42. Qa1 Qc5 43. Qe1 Qd5 44. Qc1 b3 45. Qc7+ Bf7 0-1

[Event "GER-ch (Women)"]
[Site "Ostfildern"]
[Date "2023.08.20"]
[Round "9"]
[White "Voicu Jagodzinsky, Carmen"]
[Black "Meier, Annemarie Sylvia"]
[Result "1-0"]
[WhiteElo "2264"]
[BlackElo "2254"]
[PlyCount "31"]
[EventDate "2023.08.14"]
[EventType "swiss"]
[EventRounds "9"]
[EventCountry "GER"]
[SourceTitle "CBM 215 Extra"]
[Source "ChessBase"]
[SourceDate "2023.09.30"]
[SourceVersion "1"]
[SourceVersionDate "2023.09.30"]
[SourceQuality "1"]

1. e4 e5 2. Nf3 Nf6 3. Nc3 Nc6 4. d4 exd4 5. Nd5 Nb4 6. Bc4 Nbxd5 7. exd5 Bb4+ 8. Kf1 c5 9. a3 Ba5 10. b4 cxb4 11. axb4 Bxb4 12. Qxd4 Qc7 13. Bg5 0-0 14. Bxf6 gxf6 15. Qg4+ Kh8 16. Qh4 1-0

[Event "GER-ch (Women)"]
[Site "Ostfildern"]
[Date "2023.08.17"]
[Round "5"]
[White "Voicu Jagodzinsky, Carmen"]
[Black "Bardorz, Jana"]
[Result "1/2-1/2"]
[WhiteElo "2264"]
[BlackElo "2057"]
[PlyCount "78"]
[EventDate "2023.08.14"]
[EventType "swiss"]
[EventRounds "9"]
[EventCountry "GER"]
[SourceTitle "CBM 215 Extra"]
[Source "ChessBase"]
[SourceDate "2023.09.30"]
[SourceVersion "1"]
[SourceVersionDate "2023.09.30"]
[SourceQuality "1"]

1. Nf3 d5 2. g3 Nf6 3. Bg2 e6 4. c4 Be7 5. 0-0 0-0 6. d4 c6 7. Qc2 b6 8. Rd1 Bb7 9. Nc3 Nbd7 10. b3 Rc8 11. Bb2 c5 12. dxc5 dxc4 13. bxc4 Bxc5 14. Nb5 Qe7 15. Nxa7 Rcd8 16. e3 Ba3 17. Nb5 Bxb2 18. Qxb2 Nc5 19. Ne5 Bxg2 20. Kxg2 Qb7+ 21. f3 h5 22. Rd4 Ncd7 23. Nxd7 Rxd7 24. Rad1 Rfd8 25. Rxd7 Rxd7 26. Rxd7 Nxd7 27. e4 Nc5 28. Qd4 Qa6 29. a3 Qa4 30. Kh3 Qb3 31. Qd8+ Kh7 32. Qxb6 Qxc4 33. Kg2 Qe2+ 34. Kg1 Qe3+ 35. Kg2 g5 36. Nd6 Qe2+ 37. Kg1 Qe1+ 38. Kg2 Qe2+ 39. Kg1 Qe1+ 1/2-1/2

[Event "GER-ch (Women)"]
[Site "Ostfildern"]
[Date "2023.08.16"]
[Round "3"]
[White "Voicu Jagodzinsky, Carmen"]
[Black "Schulze, Lara"]
[Result "1-0"]
[WhiteElo "2264"]
[BlackElo "2304"]
[PlyCount "67"]
[EventDate "2023.08.14"]
[EventType "swiss"]
[EventRounds "9"]
[EventCountry "GER"]
[SourceTitle "CBM 215 Extra"]
[Source "ChessBase"]
[SourceDate "2023.09.30"]
[SourceVersion "1"]
[SourceVersionDate "2023.09.30"]
[SourceQuality "1"]

1. Nf3 d5 2. c4 d4 3. b4 f6 4. e3 e5 5. c5 a5 6. Qa4+ Bd7 7. b5 Bxc5 8. Bc4 Ne7 9. exd4 exd4 10. 0-0 Bg4 11. Ba3 Nd7 12. Re1 Nb6 13. Qc2 Bxa3 14. Nxa3 Qd6 15. Rxe7+ Kxe7 16. Qe4+ Kf8 17. Qxg4 Qxa3 18. Be6 Qc5 19. Re1 Rd8 20. h4 g6 21. h5 Kg7 22. Qf4 Rhf8 23. d3 Qd6 24. Qg4 Qc5 25. Qf4 Na4 26. Bb3 Nc3 27. Re6 g5 28. Qg4 h6 29. Ne5 Rfe8 30. Qf5 Ne2+ 31. Kh2 Qf8 32. Qg6+ Kh8 33. Rxe8 Rxe8 34. Nf7+ 1-0

[Event "BL 2223 (Women)"]
[Site "Germany"]
[Date "2023.03.12"]
[Round "8.2"]
[White "Voicu Jagodzinsky, Carmen"]
[Black "Paehtz, Elisabeth"]
[Result "0-1"]
[WhiteElo "2243"]
[BlackElo "2469"]
[PlyCount "44"]
[EventDate "2022.10.15"]
[EventType "team-tourn"]
[EventRounds "11"]
[EventCountry "GER"]
[SourceTitle "CBM 213 Extra"]
[Source "ChessBase"]
[SourceDate "2023.05.31"]
[SourceVersion "1"]
[SourceVersionDate "2023.05.31"]
[SourceQuality "1"]
[WhiteTeam "Hemer (W)"]
[BlackTeam "Baden-Baden (W)"]
[WhiteTeamCountry "GER"]
[BlackTeamCountry "GER"]

1. e4 e6 2. d3 d5 3. Nd2 Nf6 4. Ngf3 b6 5. g3 dxe4 6. dxe4 Bb7 7. Bg2 Nxe4 8. Ne5 Nxf2 9. Qe2 Bxg2 10. Nxf7 Qf6 11. Rg1 Qxf7 12. Rxg2 Nh3 13. Nc4 Bb4+ 14. c3 Bd6 15. Qe4 0-0 16. Nxd6 cxd6 17. Qxa8 Qf1+ 18. Kd2 Nf2 19. Rxf2 Rxf2+ 20. Ke3 Qe2+ 21. Kd4 e5+ 22. Kd5 Qf3+ 0-1

[Event "ROM-chT Rapid (Women)"]
[Site "Sebes"]
[Date "2022.12.03"]
[Round "4.4"]
[White "Sariteanu, Sabina"]
[Black "Voicu Jagodzinsky, Carmen"]
[Result "0-1"]
[WhiteElo "1752"]
[BlackElo "2284"]
[PlyCount "88"]
[EventDate "2022.12.03"]
[EventType "team-swiss (rapid)"]
[EventRounds "6"]
[EventCountry "ROU"]
[SourceTitle "CBM 211 Extra"]
[Source "ChessBase"]
[SourceDate "2023.01.31"]
[SourceVersion "1"]
[SourceVersionDate "2023.01.31"]
[SourceQuality "1"]
[WhiteTeam "Bucharest CSU (W)"]
[BlackTeam "Arnia Chess (W)"]
[WhiteTeamCountry "ROU"]
[BlackTeamCountry "ROU"]

1. Nf3 d5 2. c4 e6 3. b3 Nf6 4. Bb2 Be7 5. d4 0-0 6. e3 b6 7. Nbd2 Bb7 8. g3 c5 9. Bg2 dxc4 10. bxc4 cxd4 11. exd4 Nbd7 12. 0-0 Rc8 13. Rc1 Qc7 14. Qb3 Rfd8 15. Rfd1 Qb8 16. h3 Qa8 17. Ba3 Bxa3 18. Qxa3 Ne4 19. Ne1 Nxd2 20. Rxd2 Bxg2 21. Nxg2 Nf6 22. f3 Rd7 23. Nf4 e5 24. Ne2 exd4 25. Rxd4 Re8 26. Qd3 Rde7 27. Kf2 Rxe2+ 28. Qxe2 Rxe2+ 29. Kxe2 h5 30. Rcd1 Qe8+ 31. Kf2 Qe6 32. g4 h4 33. Re1 Qc6 34. Kg2 Qc7 35. f4 g6 36. Re2 Kg7 37. f5 Qg3+ 38. Kf1 Qxh3+ 39. Ke1 Nxg4 40. fxg6 fxg6 41. Rd7+ Kh6 42. Rxa7 Qc3+ 43. Rd2 h3 44. Ra8 h2 0-1

[Event "ROM-chT Rapid (Women)"]
[Site "Sebes"]
[Date "2022.12.03"]
[Round "3.1"]
[White "Voicu Jagodzinsky, Carmen"]
[Black "Bulmaga, Irina"]
[Result "0-1"]
[WhiteElo "2284"]
[BlackElo "2432"]
[PlyCount "92"]
[EventDate "2022.12.03"]
[EventType "team-swiss (rapid)"]
[EventRounds "6"]
[EventCountry "ROU"]
[SourceTitle "CBM 211 Extra"]
[Source "ChessBase"]
[SourceDate "2023.01.31"]
[SourceVersion "1"]
[SourceVersionDate "2023.01.31"]
[SourceQuality "1"]
[WhiteTeam "Arnia Chess (W)"]
[BlackTeam "Bucharest CSU ASE (W)"]
[WhiteTeamCountry "ROU"]
[BlackTeamCountry "ROU"]

1. Nf3 Nf6 2. c4 e6 3. g3 d5 4. b3 Be7 5. Bb2 b6 6. Bg2 Bb7 7. 0-0 0-0 8. d4 Nbd7 9. Nbd2 c5 10. cxd5 Bxd5 11. e3 cxd4 12. Bxd4 Qc7 13. Qe2 Qb7 14. Rfe1 Ne4 15. Nxe4 Bxe4 16. Red1 Bf6 17. Bxf6 Nxf6 18. Rd4 Rac8 19. Rad1 Nd5 20. Rxd5 Bxd5 21. h4 h6 22. h5 Be4 23. Nh4 Bxg2 24. Nxg2 Rfd8 25. Rf1 Qe4 26. Nf4 e5 27. Ng2 Qd3 28. Qf3 Rc2 29. Nh4 Rd2 30. Nf5 Rd1 31. Ne7+ Kh8 32. Rxd1 Qxd1+ 33. Kg2 Qxf3+ 34. Kxf3 Rd2 35. a4 Rb2 36. Nc6 Rxb3 37. Nxa7 Rb4 38. Nc8 g6 39. hxg6 fxg6 40. Ne7 e4+ 41. Kf4 g5+ 42. Kf5 Rxa4 43. Kf6 b5 44. Ng6+ Kh7 45. Nf8+ Kg8 46. Ne6 Ra6 0-1

[Event "ROM-chT Rapid (Women)"]
[Site "Sebes"]
[Date "2022.12.03"]
[Round "5.4"]
[White "Voicu Jagodzinsky, Carmen"]
[Black "Peptan, Corina Isabela"]
[Result "1/2-1/2"]
[WhiteElo "2284"]
[BlackElo "2351"]
[PlyCount "120"]
[EventDate "2022.12.03"]
[EventType "team-swiss (rapid)"]
[EventRounds "6"]
[EventCountry "ROU"]
[SourceTitle "CBM 211 Extra"]
[Source "ChessBase"]
[SourceDate "2023.01.31"]
[SourceVersion "1"]
[SourceVersionDate "2023.01.31"]
[SourceQuality "1"]
[WhiteTeam "Arnia Chess (W)"]
[BlackTeam "Bucharest CSM (W)"]
[WhiteTeamCountry "ROU"]
[BlackTeamCountry "ROU"]

1. e4 c6 2. d4 d5 3. exd5 cxd5 4. Bd3 Nc6 5. c3 e5 6. dxe5 Nxe5 7. Bb5+ Nc6 8. Nf3 Nf6 9. 0-0 Be7 10. Ne5 Bd7 11. Nxd7 Qxd7 12. Nd2 0-0 13. Nf3 Qc7 14. h3 Rad8 15. Be3 Na5 16. Re1 Nc4 17. Bd4 Nd6 18. Bd3 Nde4 19. Qc2 Bc5 20. Rad1 Rfe8 21. Bb5 Re6 22. a4 a6 23. Bf1 Rde8 24. Bxc5 Nxc5 25. Rxe6 Rxe6 26. Nd4 Re5 27. Nf3 Re8 28. Rd4 g6 29. Qd1 Ne6 30. Rd2 Kg7 31. g3 Nc5 32. Bg2 Qc6 33. Rd4 Qe6 34. Rb4 Qe2 35. Qxe2 Rxe2 36. Kf1 Rc2 37. Nd4 Rc1+ 38. Ke2 Rb1 39. a5 Ra1 40. Nb3 Nxb3 41. Rxb3 Rxa5 42. Rxb7 Ra2 43. Kd3 a5 44. Kd4 Ra1 45. Rb5 Rd1+ 46. Ke3 a4 47. g4 g5 48. Bf3 Rb1 49. Bxd5 a3 50. Bc4 Rxb2 51. Ra5 h6 52. Rxa3 Rb1 53. Ra7 Rh1 54. Rxf7+ Kg6 55. Ra7 Rxh3+ 56. Kd4 Nxg4 57. Ra6+ Kg7 58. Ra7+ Kf6 59. Ra6+ Kg7 60. Ra7+ Kf6 1/2-1/2

[Event "BL 2223 (Women)"]
[Site "Germany"]
[Date "2022.11.13"]
[Round "4.3"]
[White "Hincu, Olga"]
[Black "Voicu Jagodzinsky, Carmen"]
[Result "1-0"]
[WhiteElo "2104"]
[BlackElo "2243"]
[PlyCount "83"]
[EventDate "2022.10.15"]
[EventType "team-tourn"]
[EventRounds "11"]
[EventCountry "GER"]
[SourceTitle "EXT 2024"]
[Source "ChessBase"]
[SourceDate "2023.10.10"]
[SourceVersion "1"]
[SourceVersionDate "2023.10.10"]
[SourceQuality "1"]
[WhiteTeam "Leipzig Weissblau (W)"]
[BlackTeam "Hemer (W)"]
[WhiteTeamCountry "GER"]
[BlackTeamCountry "GER"]

1. c4 Nf6 2. Nc3 e6 3. g3 d5 4. cxd5 exd5 5. d4 Be7 6. Bg2 0-0 7. Nf3 c6 8. 0-0 Re8 9. Ne5 Bf5 10. Bf4 Nbd7 11. Rc1 Nf8 12. f3 c5 13. e4 Be6 14. Be3 dxe4 15. fxe4 cxd4 16. Bxd4 N8d7 17. Nd5 Bxd5 18. exd5 Nxe5 19. Bxe5 Bc5+ 20. Bd4 Bxd4+ 21. Qxd4 Qd6 22. Rfe1 a6 23. Rxe8+ Rxe8 24. Qc5 Qe5 25. d6 Qxb2 26. Rd1 Qe2 27. Qd4 Qb5 28. a4 Qd7 29. Rc1 h5 30. Rc7 Re1+ 31. Bf1 Qf5 32. Qf2 Qb1 33. a5 Rd1 34. Qf4 Qd3 35. Rxb7 Qd5 36. Rb6 Ne4 37. d7 Qd4+ 38. Kh1 Nf2+ 39. Kg2 Ng4 40. Rb8+ Kh7 41. Qxd4 Rxd4 42. d8Q 1-0

[Event "ROM-chT (Women)"]
[Site "Oradea"]
[Date "2022.09.29"]
[Round "7.2"]
[White "Rapport, Jovana"]
[Black "Voicu Jagodzinsky, Carmen"]
[Result "0-1"]
[WhiteElo "2294"]
[BlackElo "2243"]
[PlyCount "70"]
[EventDate "2022.09.23"]
[EventType "team-tourn"]
[EventRounds "7"]
[EventCountry "ROU"]
[SourceTitle "CBM 210 Extra"]
[Source "ChessBase"]
[SourceDate "2022.11.30"]
[SourceVersion "1"]
[SourceVersionDate "2022.11.30"]
[SourceQuality "1"]

1. e4 e6 2. d4 d5 3. exd5 exd5 4. Nf3 Nf6 5. Bd3 c5 6. 0-0 c4 7. Be2 Be7 8. b3 cxb3 9. axb3 Nc6 10. Ne5 Qb6 11. Nxc6 Qxc6 12. Re1 0-0 13. Bg5 Bb4 14. c3 Ne4 15. cxb4 Nxg5 16. Bd3 Bd7 17. b5 Qd6 18. Nc3 Rfe8 19. Rxe8+ Rxe8 20. Qd2 Ne4 21. Nxe4 dxe4 22. Bc4 h6 23. Rxa7 Qb6 24. Ra4 Qg6 25. Qe3 Qh5 26. Be2 Qd5 27. h3 g5 28. Bc4 Qd6 29. Qg3 Qf6 30. Qc7 e3 31. fxe3 Rxe3 32. Kh2 Qf2 33. Ra8+ Kg7 34. Kh1 Re1+ 35. Kh2 Qg1+ 0-1

[Event "GER-ch (Women)"]
[Site "Magdeburg"]
[Date "2022.08.19"]
[Round "8"]
[White "Voicu Jagodzinsky, Carmen"]
[Black "Muetsch, Annmarie"]
[Result "1/2-1/2"]
[WhiteElo "2258"]
[BlackElo "2252"]
[PlyCount "53"]
[EventDate "2022.08.14"]
[EventType "swiss"]
[EventRounds "9"]
[EventCountry "GER"]
[SourceTitle "CBM 209 Extra"]
[Source "ChessBase"]
[SourceDate "2022.09.30"]
[SourceVersion "1"]
[SourceVersionDate "2022.09.30"]
[SourceQuality "1"]

1. Nf3 Nf6 2. c4 g6 3. b3 Bg7 4. Bb2 d6 5. g3 0-0 6. Bg2 c5 7. 0-0 Nc6 8. d3 Bd7 9. Nc3 a6 10. Qd2 Rb8 11. e3 b5 12. Nh4 b4 13. Ne2 a5 14. Rad1 e5 15. d4 cxd4 16. exd4 e4 17. d5 Ne7 18. Bxf6 Bxf6 19. Qf4 Nf5 20. Nxf5 Bxf5 21. Bxe4 Re8 22. Bf3 Bg5 23. Qd4 Bf6 24. Qd2 Bg5 25. Qd4 Bf6 26. Qd2 Bg5 27. Qd4 1/2-1/2

[Event "GER-ch (Women)"]
[Site "Magdeburg"]
[Date "2022.08.18"]
[Round "7"]
[White "Braun, Kristin"]
[Black "Voicu Jagodzinsky, Carmen"]
[Result "0-1"]
[WhiteElo "1897"]
[BlackElo "2258"]
[PlyCount "84"]
[EventDate "2022.08.14"]
[EventType "swiss"]
[EventRounds "9"]
[EventCountry "GER"]
[SourceTitle "CBM 209 Extra"]
[Source "ChessBase"]
[SourceDate "2022.09.30"]
[SourceVersion "1"]
[SourceVersionDate "2022.09.30"]
[SourceQuality "1"]

1. e4 e6 2. d4 d5 3. exd5 exd5 4. Nf3 Nf6 5. c4 Bb4+ 6. Nc3 0-0 7. Be2 Nc6 8. h3 dxc4 9. Bxc4 Qe7+ 10. Be3 Na5 11. Bd3 Nd5 12. Qd2 f5 13. 0-0 Bxc3 14. bxc3 f4 15. c4 fxe3 16. Qxa5 Nf4 17. Qe5 Qxe5 18. Nxe5 exf2+ 19. Rxf2 Bxh3 20. Be4 Rad8 21. Raf1 g5 22. Bxb7 Bf5 23. Rd2 Rxd4 24. Rxd4 Ne2+ 25. Kh2 Nxd4 26. Rd1 c5 27. Rf1 Be6 28. Re1 Rb8 29. Nc6 Rxb7 30. Nxd4 Bxc4 31. Re8+ Kf7 32. Rc8 cxd4 33. Rxc4 Rd7 34. Kg3 d3 35. Rc1 d2 36. Rd1 Kf6 37. Kf3 h5 38. Ke4 h4 39. Kf3 Kf5 40. Kf2 Kf4 41. a4 a5 42. Kf1 Ke3 0-1

[Event "GER-ch (Women)"]
[Site "Magdeburg"]
[Date "2022.08.17"]
[Round "5"]
[White "Falke, Ornella"]
[Black "Voicu Jagodzinsky, Carmen"]
[Result "1-0"]
[WhiteElo "1912"]
[BlackElo "2258"]
[PlyCount "81"]
[EventDate "2022.08.14"]
[EventType "swiss"]
[EventRounds "9"]
[EventCountry "GER"]
[SourceTitle "CBM 209 Extra"]
[Source "ChessBase"]
[SourceDate "2022.09.30"]
[SourceVersion "1"]
[SourceVersionDate "2022.09.30"]
[SourceQuality "1"]

1. e4 c5 2. Nf3 Nf6 3. e5 Nd5 4. Nc3 Nxc3 5. dxc3 Nc6 6. Bf4 e6 7. Qd3 Qc7 8. h4 b6 9. 0-0-0 Bb7 10. Kb1 h6 11. g4 0-0-0 12. Bg3 Na5 13. Be2 c4 14. Qd2 Bd5 15. Rhe1 d6 16. Qe3 Nc6 17. Bf1 dxe5 18. Nxe5 Nxe5 19. Bxe5 Qc6 20. f4 f6 21. Bd4 Be7 22. Bh3 Rd6 23. g5 hxg5 24. hxg5 Kb7 25. Rd2 a5 26. Qg3 Ka6 27. a3 Qb7 28. Rde2 Qd7 29. Bg4 Re8 30. Bh5 Rf8 31. Bg4 Rc6 32. f5 e5 33. Bxe5 Bxa3 34. gxf6 gxf6 35. bxa3 fxe5 36. Rxe5 Rc5 37. Qf2 Rg8 38. Bf3 Bxf3 39. Rxc5 Bb7 40. Re6 Rg2 41. Rxa5+ 1-0